Diagnostico organizacional al área de tecnología de la informática y la comunicación financiera Tierra

Presenta un diagnostico organizacional del área de tecnología de la informática y la comunicación financiera Tierra, contiene análisis del clima organizacional, análisis de la calidad de los servicios y propuesta de soluciones para las situaciones que ameritan mejora para el área en cuestión...

Full description

Bibliographic Details
Main Author: Quintanilla Delgadillo, Raquel Lissette
Other Authors: Tutor: Zúñiga Morales, Gonzalo de Jesús
Format: Tesis Section = Libro
Language:Undetermined
Spanish
Published: Managua UNI 2011
Subjects:
LEADER 01177nam a2200253Ia 4500
008 240830s9999 xx 000 0 und d
040 |a BIBLIOTECA-RUPAP T.Mon 658.314 Q7 
041 |a spa 
082 |a T.Mon 658.314 Q7 
100 1 |a Quintanilla Delgadillo, Raquel Lissette 
245 1 0 |a Diagnostico organizacional al área de tecnología de la informática y la comunicación financiera Tierra 
260 |a Managua  |b UNI  |c 2011 
300 |a 229 p. :il. 
500 |a Contiene: anexos e Incluye: CD. 
502 |a Tesis (Ingeniero de Sistemas)- UNI, 2011. 
520 3 |a Presenta un diagnostico organizacional del área de tecnología de la informática y la comunicación financiera Tierra, contiene análisis del clima organizacional, análisis de la calidad de los servicios y propuesta de soluciones para las situaciones que ameritan mejora para el área en cuestión. 
650 7 |a CLIMA ORGANIZACIONAL 
650 7 |b MOTIVACION - AMBIENTE ORGANIZACIONAL 
650 7 |c COMUNICACIÓN - AMBIENTE ORANIZACIONAL 
650 7 |d CULTURA ORGANIZACIONAL 
700 1 |a Tutor:  |b Zúñiga Morales, Gonzalo de Jesús  
942 |c BK  |2 ddc 
991 |a TESIS 
999 |c 18537